[Event "Open Tournament Ruy Lopez"]
[Site "SchemingMind.com"]
[Date "2007.05.27"]
[Round "-"]
[White "Shaka"]
[Black "Tere"]
[Result "1-0"]
[WhiteCountry "VEN"]
[BlackCountry "VEN"]
[WhiteElo "1755"]
[WhiteRD "78"]
[BlackElo "1523"]
[BlackRD "132"]
[GameID "106961"]

1. e4 e5 2. Nf3 Nc6 3. Bb5 a6 4. Ba4 b5 5. Bb3 d6 6. a4 Na5 7. d4 Nxb3 8. cxb3 Be7 9. Nc3 Nf6 10. Bg5 O-O
11. axb5 Bb7 12. d5 axb5 13. Rxa8 Bxa8 14. Nxb5 Nxe4 15. Bxe7 Qxe7 16. O-O Nf6 17. Nc3
1-0

[Event "Open Tournament Ruy Lopez"]
[Site "SchemingMind.com"]
[Date "2007.05.27"]
[Round "-"]
[White "Tere"]
[Black "Shaka"]
[Result "0-1"]
[WhiteCountry "VEN"]
[BlackCountry "VEN"]
[WhiteElo "1504"]
[WhiteRD "130"]
[BlackElo "1755"]
[BlackRD "77"]
[GameID "106967"]

1. e4 e5 2. Nf3 Nc6 3. Bb5 a6 4. Ba4 b5 5. Bb3 Nf6 6. O-O Bb7 7. c3 Na5 8. Bc2 d6 9. Re1 Be7 10. d4 exd4
11. cxd4 O-O 12. b4 Nc4 13. a4 Qd7 14. Nbd2 Nxd2 15. Bxd2 Rfe8 16. e5 dxe5 17. dxe5 Bxf3 18. gxf3 Nh5 19. Kh1 Qh3 20. Rg1 Bh4
21. Qe2 Rad8 22. axb5 axb5 23. Be4 g6 24. Ra7 Rxe5 25. f4 Re6 26. Rxc7 Nf6 27. f3 Nxe4 28. fxe4 Rde8 29. e5 f6 30. Qh5 R6e7
31. f5 g5 32. exf6 Qxf5
0-1

[Event "Open Tournament Ruy Lopez"]
[Site "SchemingMind.com"]
[Date "2007.05.31"]
[Round "-"]
[White "Vaidotas"]
[Black "embuchador"]
[Result "1-0"]
[WhiteCountry "LTU"]
[BlackCountry "INT"]
[WhiteElo "1943"]
[WhiteRD "92"]
[BlackElo "1751"]
[BlackRD "105"]
[GameID "107154"]

1. e4 e5 2. Nf3 Nc6 3. Bb5 a6 4. Ba4 Nf6 5. O-O Be7 6. Re1 b5 7. Bb3 O-O 8. c3 d5 9. exd5 Nxd5 10. d4 exd4
11. Nxd4 Bb7 12. Qg4 Nf6 13. Nxc6 Bxc6 14. Qe2 Bc5 15. Bg5 Re8 16. Qf1 Qd7 17. Nd2 Ng4 18. Re2 Rxe2 19. Qxe2 Nxf2 20. Nf3 Bxf3
21. Qxf3 Nh3+ 22. Kf1 Nxg5 23. Qxa8+ Bf8 24. Qd5 Qg4 25. Re1 g6 26. Kg1 Ne6 27. Qe4 Nf4 28. g3 Kg7 29. Qxf4 Bc5+ 30. Kg2 Qd7
31. Rf1
1-0

[Event "Open Tournament Ruy Lopez"]
[Site "SchemingMind.com"]
[Date "2007.05.31"]
[Round "-"]
[White "embuchador"]
[Black "Vaidotas"]
[Result "0-1"]
[WhiteCountry "INT"]
[BlackCountry "LTU"]
[WhiteElo "1670"]
[WhiteRD "101"]
[BlackElo "1990"]
[BlackRD "85"]
[GameID "107160"]

1. e4 e5 2. Nf3 Nc6 3. Bb5 a6 4. Ba4 Nf6 5. O-O b5 6. Bb3 Bc5 7. d4 Bxd4 8. c3 Bb6 9. Bg5 O-O 10. Bd5 Qe7
11. Nh4 Rb8 12. Nf5 Qd8 13. Bxc6 dxc6 14. Qxd8 Rxd8 15. Ne7+ Kf8 16. Nxc6 Bg4 17. Nxb8 Rxb8 18. Bxf6 gxf6 19. Kh1 Rd8 20. f3 Be6
21. b3 Rd3 22. h3 f5 23. exf5 Bxf5 24. Rc1 Be3 25. Re1 Bf4 26. Na3 Rxc3 27. Re2 f6 28. Rd1 Bd3 29. Ree1 Ke7 30. Nb1 Bxb1
31. Rxb1 c5 32. Rb2 b4 33. Kg1 Be3+ 34. Kh2 f5 35. Ra1 Bd4 36. Re2 Rxf3 37. gxf3 Bxa1 38. Kg3 Kf6 39. Kh4 Bd4 40. Kh5 a5
41. Kh6 e4 42. f4 Be5 43. fxe5+ Kxe5 44. Kg5 f4 45. Kg4 h5+ 46. Kg5 e3 47. Kxh5 Ke4 48. Kg4 f3
0-1

[Event "Open Tournament Ruy Lopez"]
[Site "SchemingMind.com"]
[Date "2007.06.09"]
[Round "-"]
[White "martin_"]
[Black "lateknights"]
[Result "0-1"]
[WhiteCountry "GER"]
[BlackCountry "GBR"]
[WhiteElo "1297"]
[WhiteRD "56"]
[BlackElo "1584"]
[BlackRD "79"]
[GameID "107642"]

1. e4 e5 2. Nf3 Nc6 3. Bb5 a6 4. Ba4 Nf6 5. O-O b5 6. Bb3 Bc5 7. c3 Nxe4 8. Qe2 Nf6 9. Nxe5 O-O 10. Nxc6 dxc6
11. d4 Bd6
0-1

[Event "Open Tournament Ruy Lopez"]
[Site "SchemingMind.com"]
[Date "2007.06.20"]
[Round "-"]
[White "cnbcad"]
[Black "Gordon"]
[Result "0-1"]
[WhiteCountry "USA"]
[BlackCountry "ENG"]
[WhiteElo "1507"]
[WhiteRD "51"]
[BlackElo "2356"]
[BlackRD "79"]
[GameID "109769"]

1. e4 e5 2. Nf3 Nc6 3. Bb5 a6 4. Ba4 Nf6 5. Bxc6 dxc6 6. Nxe5 Qd4 7. f4 Qxe4+ 8. Qe2 Qxc2 9. Ng6+ Be6 10. Nxh8 Qxc1+
11. Qd1 Qxd1+ 12. Kxd1 O-O-O 13. Nc3 Bc5 14. f5 Bc4 15. b3 Bd4 16. bxc4 Bxc3
0-1

[Event "Open Tournament Ruy Lopez"]
[Site "SchemingMind.com"]
[Date "2007.06.21"]
[Round "-"]
[White "Gordon"]
[Black "cnbcad"]
[Result "1-0"]
[WhiteCountry "ENG"]
[BlackCountry "USA"]
[WhiteElo "2356"]
[WhiteRD "79"]
[BlackElo "1507"]
[BlackRD "51"]
[GameID "109772"]

1. e4 e5 2. Nf3 Nc6 3. Bb5 a6 4. Ba4 Nf6 5. O-O Nxe4 6. d4 b5 7. Bb3 Nxd4 8. Nxd4 exd4 9. Bd5 Nf6 10. Bxa8 c6
11. Re1+ Be7 12. Qxd4 O-O 13. Nc3 b4 14. Ne4 Nd5 15. Be3 Nc7 16. Nd6
1-0

[Event "Open Tournament Ruy Lopez"]
[Site "SchemingMind.com"]
[Date "2007.06.24"]
[Round "-"]
[White "Mitchell-in"]
[Black "Hexsaw"]
[Result "1-0"]
[WhiteCountry "ENG"]
[BlackCountry "ENG"]
[WhiteElo "1679"]
[WhiteRD "68"]
[BlackElo "1332"]
[BlackRD "74"]
[GameID "110597"]

1. e4 e5 2. Nf3 Nc6 3. Bb5 a6 4. Ba4 b5 5. Bb3 Nf6 6. O-O Be7 7. Re1 O-O 8. c3 d6 9. h3 Nh5 10. d4 exd4
11. cxd4 Be6 12. d5 Bd7 13. dxc6 Bxc6 14. Nc3 b4 15. Nd5 a5 16. Nxe7+ Qxe7 17. Bg5 Qd7 18. e5 Rfe8 19. exd6 cxd6 20. Nd4 Rxe1+
21. Qxe1 Re8 22. Qd1 g6 23. Nxc6 Qxc6 24. Ba4 Qc5 25. Bxe8 Qxg5 26. Qxd6 Qf4 27. Qxf4 Nxf4 28. Kh2 f5 29. g3 Ne2 30. Re1 Nd4
31. Kg2 Nc2 32. Rc1 Nd4 33. Rc5 Kf8 34. Ba4 Ne2 35. Rxa5 h5 36. Rb5 f4 37. Rxb4 g5 38. Re4
1-0

[Event "Open Tournament Ruy Lopez"]
[Site "SchemingMind.com"]
[Date "2007.06.24"]
[Round "-"]
[White "Hexsaw"]
[Black "Mitchell-in"]
[Result "0-1"]
[WhiteCountry "ENG"]
[BlackCountry "ENG"]
[WhiteElo "1332"]
[WhiteRD "74"]
[BlackElo "1679"]
[BlackRD "68"]
[GameID "110604"]

1. e4 e5 2. Nf3 Nc6 3. Bb5 a6 4. Ba4 Nf6 5. O-O Be7 6. Nc3 d6 7. Re1 b5 8. Bb3 O-O 9. Nd5 Na5 10. d4 Nxb3
11. axb3 c6 12. Nxe7+ Qxe7 13. Bg5 Bg4 14. c4 Bxf3 15. Qxf3 exd4 16. b4 bxc4 17. Ra5 h6 18. Qh3 Qe6 19. Qh4 d5 20. Rc5 Nd7
21. Qf4 Nxc5 22. bxc5 hxg5 23. Qxg5 dxe4 24. f3 e3 25. h4 Qd5 26. Qxd5 cxd5 27. b4 a5 28. b5 Rfc8 29. c6 Rab8 30. f4 Rxb5
31. Rd1 d3
0-1

[Event "Open Tournament Ruy Lopez"]
[Site "SchemingMind.com"]
[Date "2007.07.02"]
[Round "-"]
[White "jtrochez1"]
[Black "slamdunc"]
[Result "1-0"]
[WhiteCountry "HON"]
[BlackCountry "USA"]
[WhiteElo "1549"]
[WhiteRD "50"]
[BlackElo "1320"]
[BlackRD "73"]
[GameID "111009"]

1. e4 e5 2. Nf3 Nc6 3. Bb5 a6 4. Ba4 Nf6 5. d3 b5 6. Bb3 Bb4+ 7. c3 Bc5 8. Bg5 O-O 9. O-O d6 10. h3 Bb7
11. Nbd2 Qd7 12. Bxf6 gxf6 13. a3
1-0

[Event "Open Tournament Ruy Lopez"]
[Site "SchemingMind.com"]
[Date "2007.07.02"]
[Round "-"]
[White "slamdunc"]
[Black "jtrochez1"]
[Result "0-1"]
[WhiteCountry "USA"]
[BlackCountry "HON"]
[WhiteElo "1320"]
[WhiteRD "73"]
[BlackElo "1549"]
[BlackRD "50"]
[GameID "111014"]

1. e4 e5 2. Nf3 Nc6 3. Bb5 a6 4. Ba4 d6 5. d4 Bd7 6. d5 Na7 7. Bxd7+ Qxd7 8. c4 Nf6 9. Nbd2 Qg4 10. O-O Nxe4
11. Nxe4 Qxe4 12. b3 Be7
0-1

[Event "Open Tournament Ruy Lopez"]
[Site "SchemingMind.com"]
[Date "2007.06.29"]
[Round "-"]
[White "tacticrules"]
[Black "z"]
[Result "1/2-1/2"]
[WhiteCountry "GER"]
[BlackCountry "IRQ"]
[WhiteElo "1632"]
[WhiteRD "50"]
[BlackElo "1795"]
[BlackRD "65"]
[GameID "111082"]

1. e4 e5 2. Nf3 Nc6 3. Bb5 a6 4. Ba4 Nf6 5. O-O b5 6. Bb3 Bc5 7. d3 h6 8. a3 O-O 9. Nbd2 d6 10. h3 Qe7
11. c3 Be6 12. Bxe6 Qxe6 13. b4 Ba7 14. Re1 Rae8 15. Qe2 Bb8 16. Nf1 Kh7 17. Ng3 g6 18. Be3 Ne7 19. d4 c6 20. Rad1 Nd7
21. Qd2 Ng8 22. Qc2= Qe7 23. a4 Qd8 24. dxe5 dxe5 25. axb5 axb5 26. Bc5 Qc7 27. Bxf8 Nxf8 28. Rd2 Ne6 29. Red1 Nf6 30. c4 Kg7
31. cxb5 cxb5 32. Qxc7 Bxc7 33. Kf1 Kf8 34. Ke2 Nf4+ 35. Kf1 Ne6 36. Ke2 Nf4+ 37. Kf1 Ne6 38. Ke2 Nf4+
1/2-1/2

[Event "Open Tournament Ruy Lopez"]
[Site "SchemingMind.com"]
[Date "2007.07.03"]
[Round "-"]
[White "solmash"]
[Black "Ilang"]
[Result "0-1"]
[WhiteCountry "PHI"]
[BlackCountry "HUN"]
[WhiteElo "1570"]
[WhiteRD "82"]
[BlackElo "2217"]
[BlackRD "78"]
[GameID "111083"]

1. e4 e5 2. Nf3 Nc6 3. Bb5 a6 4. Ba4 Nf6 5. O-O Be7 6. d3 b5 7. Bb3 Bb7 8. Nc3 O-O 9. Be3 h6 10. Qd2 Ng4
11. Rfe1 Nxe3 12. Qxe3 Re8 13. Nd5 Bf8 14. a3 Ne7 15. Nc3 d5
0-1

[Event "Open Tournament Ruy Lopez"]
[Site "SchemingMind.com"]
[Date "2007.06.29"]
[Round "-"]
[White "z"]
[Black "tacticrules"]
[Result "1-0"]
[WhiteCountry "IRQ"]
[BlackCountry "GER"]
[WhiteElo "1696"]
[WhiteRD "67"]
[BlackElo "1685"]
[BlackRD "51"]
[GameID "111084"]

1. e4 e5 2. Nf3 Nc6 3. Bb5 a6 4. Ba4 Nf6 5. c3 b5 6. Bc2 d6 7. h3 Bb7 8. d4 exd4 9. Nxd4 Nxd4 10. Qxd4 Be7
11. O-O O-O 12. Nd2 c5 13. Qd3 Qc7 14. Re1 Rfe8 15. f4 Bf8 16. e5 dxe5 17. fxe5 Rxe5 18. Nf3 Rxe1+ 19. Nxe1 c4 20. Qf5 Bc5+
21. Kh1 Qc6 22. Bg5 Re8 23. Nf3 Bc8 24. Qf4 Bd6 25. Qh4 Be7 26. Bxf6 Bxf6 27. Qxh7+ Kf8 28. a4 g6 29. axb5 axb5 30. Ra7 Re7
31. Rxe7 Bxe7 32. Qh8#
1-0

[Event "Open Tournament Ruy Lopez"]
[Site "SchemingMind.com"]
[Date "2007.07.19"]
[Round "-"]
[White "carosoko"]
[Black "jjb091"]
[Result "0-1"]
[WhiteCountry "BEL"]
[BlackCountry "USA"]
[WhiteElo "1699"]
[WhiteRD "80"]
[BlackElo "1653"]
[BlackRD "87"]
[GameID "113168"]

1. e4 e5 2. Nf3 Nc6 3. Bb5 a6 4. Ba4 Nf6 5. O-O Nxe4 6. d4 b5 7. Re1 d5 8. Bb3 Bg4 9. Nbd2 Be7 10. Nxe4 dxe4
11. Rxe4 Bh5 12. d5 O-O 13. Qe1 Bxf3 14. gxf3 Nd4 15. Rxe5 Nxf3+
0-1

[Event "Open Tournament Ruy Lopez"]
[Site "SchemingMind.com"]
[Date "2007.07.21"]
[Round "-"]
[White "jjb091"]
[Black "carosoko"]
[Result "1-0"]
[WhiteCountry "USA"]
[BlackCountry "BEL"]
[WhiteElo "1653"]
[WhiteRD "87"]
[BlackElo "1699"]
[BlackRD "80"]
[GameID "113178"]

1. e4 e5 2. Nf3 Nc6 3. Bb5 a6 4. Ba4 Nf6 5. O-O b5 6. Bb3 Bb7 7. d3 Bc5 8. Nc3 O-O 9. Bg5 d6 10. Nd5 h6
11. Nxf6+ gxf6 12. Bh4 Ne7 13. Bxf6 Qd7 14. Ng5
1-0

[Event "Open Tournament Ruy Lopez"]
[Site "SchemingMind.com"]
[Date "2007.08.01"]
[Round "-"]
[White "agulla"]
[Black "Lazaro"]
[Result "0-1"]
[WhiteCountry "ESP"]
[BlackCountry "CUB"]
[WhiteElo "1666"]
[WhiteRD "112"]
[BlackElo "1900"]
[BlackRD "58"]
[GameID "114227"]

1. e4 e5 2. Nf3 Nc6 3. Bb5 a6 4. Ba4 Nf6 5. O-O Nxe4 6. d4 b5 7. Bb3 d5 8. dxe5 Be6= 9. c3 Bc5 10. Bc2 Bf5
11. Qe2 O-O 12. Be3 Bxe3 13. Qxe3 Re8= 14. Qf4 Bg6 15. Re1 Qe7 16. Nbd2 Nxd2 17. Qxd2 Bxc2 18. Qxc2 Rad8 19. Rad1 Nb8= 20. Nd4 c5
21. Nf5 Qe6 22. Ng3 Qg6 23. Qxg6 hxg6 24. f4 Nc6
0-1

[Event "Open Tournament Ruy Lopez"]
[Site "SchemingMind.com"]
[Date "2007.08.01"]
[Round "-"]
[White "Lazaro"]
[Black "agulla"]
[Result "1-0"]
[WhiteCountry "CUB"]
[BlackCountry "ESP"]
[WhiteElo "1900"]
[WhiteRD "58"]
[BlackElo "1666"]
[BlackRD "112"]
[GameID "114239"]

1. e4 e5 2. Nf3 Nc6 3. Bb5 a6 4. Ba4 b5 5. Bb3 Nf6 6. Ng5 d5 7. exd5 Nd4 8. d6 Nxb3 9. dxc7 Qxc7 10. axb3 h6
11. Nf3 Bb7 12. d3 Bc5 13. O-O O-O 14. Nc3 Rad8 15. Qe2 Rfe8 16. Be3 e4 17. dxe4 Nxe4 18. Nxe4 Bxe4 19. Rfd1 Bxe3 20. fxe3 Qxc2
21. Qxc2 Bxc2 22. Rxd8 Rxd8 23. Rxa6 Bxb3 24. Nd4 Bc4 25. Rb6
1-0

[Event "Open Tournament Ruy Lopez"]
[Site "SchemingMind.com"]
[Date "2007.08.09"]
[Round "-"]
[White "lateknights"]
[Black "kifosi"]
[Result "0-1"]
[WhiteCountry "GBR"]
[BlackCountry "DEN"]
[WhiteElo "1588"]
[WhiteRD "87"]
[BlackElo "1833"]
[BlackRD "73"]
[GameID "115267"]

1. e4 e5 2. Nf3 Nc6 3. Bb5 a6 4. Ba4 Nf6 5. Nc3 Be7 6. O-O b5 7. Bb3 O-O 8. d3 Bb7 9. Be3 d6 10. Qd2 Na5
0-1

[Event "Open Tournament Ruy Lopez"]
[Site "SchemingMind.com"]
[Date "2007.08.23"]
[Round "-"]
[White "Ilang"]
[Black "Gambit13"]
[Result "1/2-1/2"]
[WhiteCountry "HUN"]
[BlackCountry "USA"]
[WhiteElo "2264"]
[WhiteRD "75"]
[BlackElo "1896"]
[BlackRD "122"]
[GameID "117615"]

1. e4 e5 2. Nf3 Nc6 3. Bb5 a6 4. Ba4 Nf6 5. O-O Be7 6. Re1 b5 7. Bb3 O-O 8. c3 d5 9. exd5 Nxd5 10. Nxe5 Nxe5
11. Rxe5 c6 12. d4 Bd6 13. Re1 Qh4 14. g3 Qh3 15. Bxd5 cxd5 16. Qf3 Bf5 17. Qxd5 Rae8 18. Bd2 Bf4 19. Rxe8 Rxe8 20. Qg2 Qh5
21. f3 Bd3 22. gxf4 Re6 23. Be3 Rxe3 24. Nd2 Re2 25. Qxe2 Bxe2 26. Re1 f5 27. Rxe2 Qh6 28. b3 Qxf4 29. d5 Qd6 30. c4 Kf7
31. Kg2 Qa3 32. cxb5 axb5 33. Nf1 Qd6 34. Rd2 f4 35. Rd4 Qe5 36. Rd2 Qd6 37. Rd4= Qe5 38. Rd2 Qd6 39. Rd4 Qe5
1/2-1/2

[Event "Open Tournament Ruy Lopez"]
[Site "SchemingMind.com"]
[Date "2007.08.23"]
[Round "-"]
[White "Gambit13"]
[Black "Ilang"]
[Result "0-1"]
[WhiteCountry "USA"]
[BlackCountry "HUN"]
[WhiteElo "1896"]
[WhiteRD "122"]
[BlackElo "2264"]
[BlackRD "75"]
[GameID "117624"]

1. e4 e5 2. Nf3 Nc6 3. Bb5 a6 4. Ba4 Nf6 5. O-O Be7 6. Re1 b5 7. Bb3 d6 8. c3 O-O 9. h3 Na5 10. Bc2 c5
11. d4 Nd7 12. dxc5 dxc5 13. Nbd2 Bb7 14. Nf1 Nc4 15. Ng3 g6 16. Qe2 Qc7 17. a4 Rfd8 18. b3 Nd6 19. Bb2 c4 20. b4 a5
21. Ra3 axb4 22. cxb4 bxa4 23. Rxa4 Rxa4 24. Bxa4 Nb6 25. Bc2 c3 26. Bc1 Ndc4 27. Rd1 Rxd1+ 28. Qxd1 Bxb4 29. Ne1 Nd2 30. Bxd2 cxd2
31. Nf3 Nc4 32. Nxd2 Nxd2 33. f3 Qc5+ 34. Kh2 Ba6 35. Ba4 Qf2
0-1

[Event "Open Tournament Ruy Lopez"]
[Site "SchemingMind.com"]
[Date "2007.08.25"]
[Round "-"]
[White "Mitchell-in"]
[Black "jtrochez1"]
[Result "0-1"]
[WhiteCountry "ENG"]
[BlackCountry "HON"]
[WhiteElo "1688"]
[WhiteRD "69"]
[BlackElo "1511"]
[BlackRD "50"]
[GameID "117830"]

1. e4 e5 2. Nf3 Nc6 3. Bb5 a6 4. Ba4 Nf6 5. O-O h6 6. Re1 Be7 7. Bxc6 bxc6 8. Nxe5 Bb7 9. c3 O-O 10. d4 d6
11. Nf3 Bc8 12. Bf4 Bd7 13. Nbd2 Bg4 14. h3 Bh5 15. Qc2 Rb8 16. b3 Bg6 17. Qd1 Qc8 18. e5 Nd5 19. exd6 Bxd6 20. Bxd6 cxd6
21. c4 Nf4 22. Nf1 Qb7 23. Ne3 Bh5 24. Nf5 Qc7 25. Ng3 Bg6 26. Nh4 Bh7 27. Nhf5 Rfe8 28. Qd2 d5 29. c5 Ne6 30. Rad1 Rb5
31. Nd6 Re7 32. Nxb5 axb5 33. Ne2 Kf8 34. Nf4 Nxf4 35. Rxe7 Kxe7 36. Re1+ Kd7 37. Qe3 Ne6 38. b4 Qa7 39. a3 Kc8 40. Qf3 Qd7
41. Qe3 Bg8 42. Ra1 Qa7 43. f4 f5 44. Qe5 Qc7 45. Rd1 Qxe5 46. fxe5 g5 47. Kf2 Bf7 48. g4 f4 49. Ke2 Bg6 50. Kf3 Be4+
51. Kf2 f3 52. Ke3= Nf4 53. Rh1 Kd7 54. h4 gxh4 55. Kf2 Ng2 56. Ra1 Nf4 57. Rh1 Ng6 58. Ra1 Nf4 59. a4 Nd3+ 60. Ke3 Nxb4
61. axb5 Nc2+ 62. Kf2 Nxa1 63. b6 Kc8 64. e6 Bg6 65. Kxf3 Nc2 66. Kg2 Nxd4 67. e7 Be8 68. Kh3 Ne6 69. Kxh4 Nxc5 70. g5 hxg5+
71. Kxg5 d4 72. Kf4 Nd7 73. Ke4 c5 74. Kd3 Nxb6 75. Ke4 Kd7 76. Kd3 Kxe7 77. Ke4 Ke6 78. Kd3 Bg6+ 79. Kd2 Ke5 80. Ke2 Ke4
81. Kd2 c4 82. Ke2 Nd5 83. Kd2 Kf3 84. Kd1 d3
0-1

[Event "Open Tournament Ruy Lopez"]
[Site "SchemingMind.com"]
[Date "2007.08.24"]
[Round "-"]
[White "jtrochez1"]
[Black "Mitchell-in"]
[Result "0-1"]
[WhiteCountry "HON"]
[BlackCountry "ENG"]
[WhiteElo "1500"]
[WhiteRD "47"]
[BlackElo "1650"]
[BlackRD "74"]
[GameID "117837"]

1. e4 e5 2. Nf3 Nc6 3. Bb5 a6 4. Ba4 Nf6 5. d3 b5 6. Bb3 Bc5 7. Bg5 h6 8. Bh4 d6 9. h3 Na5 10. Nbd2 Bb6
11. c3 Nxb3 12. Qxb3 Be6 13. Qc2 c5 14. b3 O-O 15. c4 b4 16. g4 g5 17. Nxg5 hxg5 18. Bxg5 Qe7 19. f3 Bd8 20. O-O-O a5
21. Nb1 Qd7 22. Qf2 Nxe4 23. fxe4 Bxg5+ 24. Kc2 a4 25. Nd2 Bxd2 26. Rxd2 axb3+ 27. Kd1 bxa2 28. Rxa2 Rxa2 29. Qf6 Ra1+ 30. Kd2 Ra2+
31. Ke3 Qd8 32. Qh6 Rg2 33. Rf1 Bxg4 34. hxg4 Rxg4 35. Rh1 Qg5+ 36. Qxg5+ Rxg5
0-1

[Event "Open Tournament Ruy Lopez"]
[Site "SchemingMind.com"]
[Date "2007.09.11"]
[Round "-"]
[White "Shaka"]
[Black "iain"]
[Result "1-0"]
[WhiteCountry "VEN"]
[BlackCountry "USA"]
[WhiteElo "1719"]
[WhiteRD "79"]
[BlackElo "1476"]
[BlackRD "67"]
[GameID "120263"]

1. e4 e5 2. Nf3 Nc6 3. Bb5 a6 4. Ba4 Nf6 5. d3 Be7 6. O-O O-O 7. c3 b5 8. Bc2 Bb7 9. a4 d5 10. Bg5 dxe4
11. dxe4 Qxd1 12. Rxd1 Rfe8 13. Nbd2 h6 14. Bxf6 Bxf6 15. Nf1 Na5 16. axb5 axb5 17. Rd7 c5 18. b4 cxb4 19. cxb4 Nc4 20. Rxa8 Bxa8
21. N1d2 Rd8 22. Rxd8+ Bxd8 23. Nxc4 bxc4 24. Nxe5 c3 25. h3 Bb6 26. Kf1 f6 27. Nc4 Bd4 28. Ke2 Kf7 29. f3 Ke6 30. Kd3
1-0

[Event "Open Tournament Ruy Lopez"]
[Site "SchemingMind.com"]
[Date "2007.09.11"]
[Round "-"]
[White "iain"]
[Black "Shaka"]
[Result "0-1"]
[WhiteCountry "USA"]
[BlackCountry "VEN"]
[WhiteElo "1453"]
[WhiteRD "68"]
[BlackElo "1723"]
[BlackRD "78"]
[GameID "120269"]

1. e4 e5 2. Nf3 Nc6 3. Bb5 a6 4. Ba4 b5 5. Bb3 Nf6 6. d3 d6 7. O-O Na5 8. c3 Nxb3 9. axb3 Be7 10. b4 Bb7
11. Bg5 h6 12. Bd2 c5 13. bxc5 dxc5 14. Be3 Qd6 15. Na3 Rd8 16. Nc2 Qxd3 17. Qxd3 Rxd3 18. Nxe5 Rd8 19. Rfd1 O-O 20. b4 Bxe4
21. Rdc1 Bxc2 22. Rxc2 cxb4 23. cxb4 Rc8 24. Bc5 Bxc5 25. Rd1 Bxb4 26. Re2 a5 27. Nd3 Rfd8 28. g3 Bf8 29. Re5 Rc3 30. Nb2 Rxd1+
31. Nxd1 Rc1
0-1

[Event "Open Tournament Ruy Lopez"]
[Site "SchemingMind.com"]
[Date "2007.09.13"]
[Round "-"]
[White "z"]
[Black "Vaidotas"]
[Result "0-1"]
[WhiteCountry "IRQ"]
[BlackCountry "LTU"]
[WhiteElo "1746"]
[WhiteRD "61"]
[BlackElo "1990"]
[BlackRD "85"]
[GameID "120486"]

1. e4 e5 2. Nf3 Nc6 3. Bb5 a6 4. Ba4 Nf6 5. O-O b5 6. Bb3 Bc5 7. c3 Nxe4 8. d4 Be7 9. d5 Na5 10. Bc2 Nf6
11. Nxe5 d6 12. Nf3 O-O 13. Bg5 Nc4 14. a4 Bb7 15. Bxf6 Bxf6 16. b3 Ne5 17. Nxe5 dxe5 18. Qd3 g6 19. Rd1 Qd7 20. axb5 axb5
21. Rxa8 Rxa8 22. c4 c6 23. d6 bxc4 24. bxc4 c5 25. Nc3 Ra6 26. Ne4 Bxe4 27. Qxe4 Rxd6 28. Qa8+ Kg7 29. Rd5 Rxd5 30. cxd5 c4
31. Qc6 Qxc6 32. dxc6 Bd8 33. Kf1 f5 34. Ke2 Kf6 35. Ba4 Ke6 36. Kd2 Ba5+ 37. Kc2 Kd5 38. h3 Kc5 39. g4 f4 40. f3 e4
41. fxe4 Kd4 42. Bb5 f3 43. e5 f2 44. Bxc4 Kxc4 45. c7 Bxc7
0-1

[Event "Open Tournament Ruy Lopez"]
[Site "SchemingMind.com"]
[Date "2007.09.13"]
[Round "-"]
[White "Vaidotas"]
[Black "z"]
[Result "1/2-1/2"]
[WhiteCountry "LTU"]
[BlackCountry "IRQ"]
[WhiteElo "1990"]
[WhiteRD "85"]
[BlackElo "1746"]
[BlackRD "61"]
[GameID "120495"]

1. e4 e5 2. Nf3 Nc6 3. Bb5 a6 4. Ba4 Bc5 5. Bxc6 dxc6 6. O-O f6 7. d3 Ne7 8. Be3 Qd6 9. Nbd2 Bg4 10. h3 Bh5
11. g4 Bf7 12. Qe2 O-O-O 13. Nb3 Bb6 14. Bxb6 cxb6 15. Qe3 Kc7 16. Nfd2 h5 17. g5 Ng6 18. a4 Nf4 19. a5 bxa5 20. Nxa5 Qd7
21. Kh2 fxg5 22. Ndc4 Bxc4 23. Nxc4 Qe6 24. Rg1 g4 25. Qc5 Rhe8 26. Rxa6 Ra8 27. Qb6+ Kb8 28. Rxa8+ Kxa8 29. Qe3 Nxh3 30. Ra1+ Kb8
31. Qc5 Rc8 32. Nb6 Re8 33. Ra8+ Kc7 34. Nd5+ Kd7= 35. Nb6+ Kc7 36. Nd5+ Kd7 37. Nb6+ Kc7 38. Nd5+ Kd7 39. Nb6+=
1/2-1/2

[Event "Open Tournament Ruy Lopez"]
[Site "SchemingMind.com"]
[Date "2007.10.26"]
[Round "-"]
[White "Vaidotas"]
[Black "Ilang"]
[Result "0-1"]
[WhiteCountry "LTU"]
[BlackCountry "HUN"]
[WhiteElo "1954"]
[WhiteRD "77"]
[BlackElo "2274"]
[BlackRD "74"]
[GameID "126282"]

1. e4 e5 2. Nf3 Nc6 3. Bb5 a6 4. Ba4 Nf6 5. O-O Be7 6. Re1 b5 7. Bb3 d6 8. d4 O-O 9. c3 Bb7 10. Bg5 h6
11. Bxf6 Bxf6 12. Qd3 exd4 13. cxd4 Nb4 14. Qd2 c5 15. a3 Nc6 16. d5 Ne5 17. Nxe5 Bxe5 18. Nc3 Re8 19. Rad1 Bc8 20. Ne2 Qh4
21. Ng3 c4 22. Bc2 Bxb2 23. a4 Be5 24. a5 c3 25. Qd3 Bd7 26. Rb1 Rab8 27. Rb4 g6 28. Rf1 Rec8 29. Qe3 Qf4 30. Qxf4 Bxf4
31. Ne2 Bd2 32. Rfb1 f5 33. Nd4 fxe4 34. Bxe4 Kg7 35. Nc2 Re8 36. f3 Bf5 37. Kf2 Re5 38. Rd4 Rbe8 39. Rbb4 Kf7 40. g4 Bxe4
41. Rxe4 Rxd5 42. Rxe8 Kxe8 43. Re4+ Kd7 44. Nb4 Bg5 45. Re2 Rd4 46. Nxa6 Bd2 47. Nb8+ Kc7 48. Re8 c2
0-1

[Event "Open Tournament Ruy Lopez"]
[Site "SchemingMind.com"]
[Date "2007.10.26"]
[Round "-"]
[White "Ilang"]
[Black "Vaidotas"]
[Result "1-0"]
[WhiteCountry "HUN"]
[BlackCountry "LTU"]
[WhiteElo "2274"]
[WhiteRD "74"]
[BlackElo "1954"]
[BlackRD "77"]
[GameID "126287"]

1. e4 e5 2. Nf3 Nc6 3. Bb5 a6 4. Ba4 Nf6 5. O-O b5 6. Bb3 Bc5 7. a4 b4 8. Nxe5 Nxe5 9. d4 Bxd4 10. Qxd4 Nc6
11. Qc5 Qe7 12. Qxe7+ Nxe7 13. e5 Nfd5 14. c4 Nb6 15. a5 O-O 16. axb6 cxb6 17. Be3
1-0

[Event "Open Tournament Ruy Lopez"]
[Site "SchemingMind.com"]
[Date "2007.11.07"]
[Round "-"]
[White "jjb091"]
[Black "Lazaro"]
[Result "1/2-1/2"]
[WhiteCountry "USA"]
[BlackCountry "CUB"]
[WhiteElo "1762"]
[WhiteRD "83"]
[BlackElo "1507"]
[BlackRD "47"]
[GameID "127861"]

1. e4 e5 2. Nf3 Nc6 3. Bb5 a6 4. Ba4 Nf6 5. O-O Nxe4 6. d4 b5 7. Bb3 d5 8. dxe5 Be6 9. c3 Be7 10. Nbd2 O-O
11. Bc2 Bg4 12. Nxe4 dxe4 13. Bxe4 Qxd1 14. Rxd1 Rad8 15. Bf4 Nb8 16. h3 Bh5 17. e6 fxe6 18. Bxc7 Rc8 19. Bxb8 Rxb8 20. Rd7 Bc5
21. g4 Be8 22. Rb7 Rxb7 23. Bxb7 h5 24. Re1 hxg4 25. hxg4 Bd7 26. Kg2 Rf4 27. Re4 Rxe4 28. Bxe4 a5 29. Ne5 Bc8 30. Bc6 b4
31. cxb4 Bxb4 32. Bb5 Bb7+ 33. Nc6 Kf7 34. Kg3 Bxc6 35. Bxc6 Bd2 36. Bb5 Bc1 37. b3=
1/2-1/2

[Event "Open Tournament Ruy Lopez"]
[Site "SchemingMind.com"]
[Date "2007.11.07"]
[Round "-"]
[White "Lazaro"]
[Black "jjb091"]
[Result "0-1"]
[WhiteCountry "CUB"]
[BlackCountry "USA"]
[WhiteElo "1595"]
[WhiteRD "46"]
[BlackElo "1756"]
[BlackRD "80"]
[GameID "127867"]

1. e4 e5 2. Nf3 Nc6 3. Bb5 a6 4. Ba4 Nf6 5. O-O Be7 6. Re1 O-O 7. Bxc6 dxc6 8. Nxe5 Re8 9. Nf3 Bg4 10. d3 h6
11. Be3 Bb4 12. Bd2 Bc5 13. Be3 Bd6 14. Nbd2 Be5 15. d4 Nxe4 16. dxe5 Nxd2
0-1